Power system dynamics and stability
Salvato in:
| Autori principali: | , , |
|---|---|
| Natura: | Libro |
| Lingua: | inglese |
| Pubblicazione: |
Chichester :
John Wiley & Sons,
1997
|
| Soggetti: | |
| Tags: |
Nessun Tag, puoi essere il primo ad aggiungerne!!
|
MARC
| LEADER | 00000nam a22000003a 4500 | ||
|---|---|---|---|
| 001 | stu25940 | ||
| 005 | 20190206124504.1 | ||
| 008 | 980605s1997------------------------eng-d | ||
| 020 | |a 0-471-95643-9 | ||
| 040 | |a STU |b slo | ||
| 041 | 0 | |a eng | |
| 080 | |a 621.31 | ||
| 080 | |a 519.718 |7 stu_us_auth*stu9873 | ||
| 080 | |a 519.6 | ||
| 084 | |a B8110 |2 INS | ||
| 084 | |a C1220 |2 INS | ||
| 084 | |a C3340H |2 INS | ||
| 084 | |a C7410 |2 INS | ||
| 084 | |a C7420 |2 INS | ||
| 100 | 1 | |a Machowski, Jan |4 aut | |
| 245 | 1 | |a Power system dynamics and stability | |
| 260 | |a Chichester : |b John Wiley & Sons, |c 1997 | ||
| 300 | |a 461 s | ||
| 650 | 7 | |a dynamické systémy |2 stusub | |
| 650 | 7 | |a modelovanie systémov |2 stusub | |
| 650 | 7 | |a simulácia systémov |2 stusub | |
| 650 | 7 | |a elektrizačné sústavy |2 stusub | |
| 650 | 7 | |a stabilita |2 stusub | |
| 650 | 7 | |a energetické sústavy |2 stusub | |
| 700 | 1 | |a Bialek, Janusz W. |4 aut | |
| 700 | 1 | |a Bumby, James R. |4 aut | |
| 996 | |b 284EK86556 |c E*86556 |l EE06 |s P |a 0 |w stu25940_0002 | ||